MDQL
is popping MORE tags! Check the
thread
!
Quizzes
Events
Quiz Creation
Community
Videos
Private Events
Remove Ads
Sign In
Join for FREE
Feedback
Dark Mode
Quiz Categories
Sports
Geography
Music
Movies
Television
Just For Fun
Miscellaneous
History
Literature
Language
Science
Gaming
Entertainment
Religion
Holiday
For Kids
Quiz Lab
Recent
Popular Today
Quiz Kudos Today
Editor Picks
Curator Picks
Quizzes by...
Day
Popularity
Type
Ratings
Length
Year
Community
Subscriptions
Recent Discussions
Orange Saloon
Badges
Playlists
Quests
Create
Leaderboards
Showdown
Live 5
Trivia Bingo
Activity
Puzzle Library
Sporcle Events
Private Events
Virtual Trivia
Globe League
Become a Host
Pub Owners
SporcleCon
Opinionation
Our Games
Videos
Blog
Mobile Apps
Partnerships
Remove Ads and Go Orange
Feedback
Religion
Mythology
Religious Music
World Religions
Bible
Christianity
Catholicism
Judaism
Church
Scripture
Islam
Verse
Religion
Mythology
Religious Music
World Religions
Bible
Christianity
Catholicism
Judaism
Church
Scripture
Islam
Verse
Random Quiz
Search Sporcle
×
Quiz Lab
Quiz Lab
Religion
State
Type in answers that appear in a list
Type in answers that appear in a list
Classic
Best Score? Go Orange.
Lds (mormon) state multi-temples Stats
Can you name all of the US states that have more than one active temple?
By
wisconsinite
3m
15 Questions
157 Plays
157 Plays
157 Plays
Comments
Comments
Give Quiz Kudos
Give Quiz Kudos
-
- Ratings
hide this ad
Replay
Link that replays current quiz
Next Quiz
Link to next quiz in quiz playlist
You Got
0%
They Got
Avg Score
87%
Avg Friend Score
Upgrade to see
Score Distribution
Jump to the score distribution portion of the page
Score
0/15
Timer
03:00
0
Plays Today
# of temples
Answer
% Correct
16
Utah
98.7%
7
California
98.1%
5
Arizona
97.5%
4
Idaho
96.2%
3
Washington
95.5%
2
New York
94.9%
4
Texas
94.9%
2
Oregon
94.3%
# of temples
Answer
% Correct
2
Florida
91.7%
2
Hawaii
89.8%
2
Nevada
89.2%
2
Illinois
86.6%
2
Missouri
85.4%
2
Tennessee
77.7%
2
Colorado
75.8%
Quiz Playlist
Details
Report
Send in Message
Add To Playlist
Classic:
Type in answers that appear in a list
Last Updated: Apr 3, 2017
Quiz Scoreboard
CHALLENGE
Sign Up to Join the Scoreboard
Show All
Scores
Hide
Comments
May contain spoilers
Recently Published
Find the 'City' Movie
by crazypaving
Movies
60s
5x2 Blitz: Bands
by SL_Kpop136
Music
30s
Colored Red Africa Blitz
by spor1
Geography
30s
More to Explore
Quiz From the Vault
Featured Blog Post
14 Easter Pick-up Lines to Find Eggs With
hide this ad
You Might Also Like...
Tags
State Quiz
Active
lds
mormon
temple
Today's Top Quizzes in Religion
Browse Religion
hide this ad
Today's Top Quizzes in State
Browse State
Top Contributed Quizzes in Religion
1
Christmas Pick: Judaism
2
Christmas Pick: Islam
3
Christmas Pick: World Religions
4
Christmas Pick: Religious Music
5
Christmas Pick: Scripture
6
Surahs of the Quran with meaning Part 1
7
Longevity in the Bible
8
After Easter on Stained-glass Windows
9
Artistic Maundy Thursday
10
Christmas Pick: Verse
Explore More
Trending Topics
Marvel
Anime
Crossword
Disney
Kpop
NBA
Harry Potter
NFL
Pokémon
Song
Soccer
WWE
Country
Puzzle
The Office
hide this ad
More By:
wisconsinite
Quiz
Plays
Rating
Category
Featured
Created
Mega Evolutions
1,988
4.88
Gaming
Jul 9, 2015
States with Multiple LDS (Mormon) temples minefield
1,323
3.00
Religion
Dec 30, 2014
LDS (Mormon) Temples of the World
1,272
5.00
Religion
Jan 29, 2017
Most Mormon Countries
1,008
4.00
Religion
Aug 11, 2014
Countries with LDS (Mormon) Temples (Clickable)
588
4.00
Religion
Feb 8, 2015
Go to Creator's Profile
Score Distribution
Quiz Creator Spotlight
wisconsinite
Follow
Send a Message
Quizzes Created
-
Created Quiz Play Count
-
More By This Creator
Popular Quizzes Today
1
Colored Red Africa Blitz
2
Find the 'City' Movie
3
5x2 Blitz: Bands
4
Find the US States - No Outlines Minefield
5
The Countries of the World
6
Find the US States
7
US States
8
9x9 Crossword: Cartoon Network
More Religion Quizzes
Book of Mormon
Published
Trending Quizzes
Colored Red Europe Blitz I
Colored Red Africa Blitz II
Colored Red Europe Blitz II
Colored Red Europe Blitz III
Colored Red Africa Blitz III
Recently Updated
Champions League XIs: Real Madrid
pecheneg
Largest US Cities 1790-2010
pecheneg
Rides in Walt Disney World
pecheneg
Most Oscar Losses (Acting)
pecheneg
Beyoncé Albums
pecheneg
Leaping Animals
pecheneg
Reality TV Shows (A-Z)
bhenderson79
Rickey Henderson's Hall of Fame Teammates
pecheneg
Champions League XIs: Arsenal
pecheneg
Quick Pick: Celebrities in WWE's Hall of Fame
aduchscher
Trending Topics
Crossword
NBA
Harry Potter
Marvel
Kpop
Disney
Anime
WWE
Puzzle
Song
The Office
Country
Pokémon
Soccer
NFL
Your Account Isn't Verified!
In order to create a playlist on Sporcle, you need to verify the email address you used during registration. Go to your
Sporcle Settings
to finish the process.
Report this User
Report this user for behavior that violates our
Community Guidelines
.
Details:
Send Report
Go to the Sporcle.com Mobile Site →
Comments